Guardian's 1000 films before you die (Part 36: Vi-Wi) Quiz Stats

 Plays Quiz not verified by Sporcle

Score 0/27 Timer 10:00
0 Plays Today
Review Film % Correct
The dependably oily Michael Douglas offers up a ti...Wall Street
97.9%
Arguably the last pitch-perfect romantic comedy ma...When Harry Met Sally
91.5%
Peckinpah's great western is a strictly a last-cha...The Wild Bunch
85.1%
A nightmare scenario nobody wanted to think about:...The War Game
78.7%
Two metal slackers host a cult cable show until th...Wayne's World
78.7%
Ultimate cold war hacker fantasy disguised as a te...Wargames
76.6%
The Chinatown of animation uses the famous postwar...Who Framed Roger Rabbit?
74.5%
Hill's vision of New York youth gangs may not be e...The Warriors
70.2%
There are people who still say the stage show was ...West Side Story
70.2%
Opens with one of the best dream sequences in cine...Wild Strawberries
66%
One to bring out the inner pagan in us all. This h...The Wicker Man
57.4%
A censor-baiter that hastened the collapse of the ...Who's Afraid of Virginia Woolf?
55.3%
Four down-and-outs must drive a convoy of nitro-gl...The Wages of Fear
53.2%
Bogdanovich's homage to the screwball comedies of ...What's Up, Doc?
51.1%
Review Film % Correct
The natural cinematic charisma of Muhammad Ali shi...When We Were Kings
48.9%
Nearly 20 years after his first gangster roles, Ji...White Heat
48.9%
Source of the postwar biker mystique, [FILMTITLE]...The Wild One
48.9%
Following years of public feuding, ageing screen l...Whatever Happened to Baby Jane?
42.6%
Bardolaters might not approve of the camp excess, ...William Shakespeare's Romeo + Juliet
31.9%
Hungarian director Bela Tarr is famous, or notorio...Werckmeister Harmoniak
25.5%
Kusturica really put himself on the map with this,...When Father Was Away on Business
25.5%
Peter Fonda won his counterculture spurs as the ou...The Wild Angels
23.4%
A fantastic, sprawling melodrama that is among mos...Way Down East
21.3%
Sneering Nazis, impregnable fortresses, imprisoned...Where Eagles Dare
21.3%
Godard seems influenced in equal measure by Brecht...Vivre Sa Vie
19.1%
Few films portray kids as single minded as this. A...The White Balloon
17%
One of cinema's strangest and most uncanny love st...Voyage to Italy
14.9%

You're not logged in!

Compare scores with friends on all Sporcle quizzes.
OR
Log In

You Might Also Like...

Show Comments

Extras

Top Quizzes Today


Score Distribution

Your Account Isn't Verified!

In order to create a playlist on Sporcle, you need to verify the email address you used during registration. Go to your Sporcle Settings to finish the process.

Report this User

Report this user for behavior that violates our Community Guidelines.

Details: